[Event "AUTO-OPEN-1209"]
[Site "http://www.queenalice.com/game.php?id=439392"]
[Date "2008.7.26"]
[Round "1"]
[White "TecmoTim"]
[Black "ferreirabsd"]
[Result "1-0"]
[WhiteElo "2087"]
[BlackElo "1672"]

1. e4 c5 2. Bc4 Nc6 3. Nc3 e6 4. d3 d5 5. exd5 exd5 6. Nxd5 Nge7 7. Bg5 Be6 8.
Bxe7 Bxe7 9. Nxe7 Qxe7 10. Bxe6 Qxe6+ 11. Qe2 Qxe2+ 12. Nxe2 O-O 13. O-O-O b5
14. Rhe1 b4 15. d4 c4 16. c3 b3 17. axb3 cxb3 18. d5 Ne5 19. Nd4 Ng4 20. f3 Nf6
21. Nxb3 Rfd8 22. d6 Rd7 23. Nc5 Rdd8 24. g4 Ne8 25. Nb7 Rd7 26. Re7 Rxe7 27.
dxe7 f6 28. Rd8 1-0

[Event "AUTO-INT-983"]
[Site "http://www.queenalice.com/game.php?id=440241"]
[Date "2008.7.28"]
[Round "1"]
[White "Romerflu"]
[Black "ferreirabsd"]
[Result "0-1"]
[WhiteElo "1596"]
[BlackElo "1658"]

1. e4 e6 2. d4 d5 3. e5 Nc6 4. Bb5 g6 5. Nf3 Bg7 6. O-O Ne7 7. Bg5 O-O 8. Bxc6
bxc6 9. Qd2 Ba6 10. Bxe7 Qxe7 11. Re1 c5 12. Qa5 Bc8 13. dxc5 a6 14. Nd4 Rb8 15.
Nc6 Qg5 16. Qxc7 Rxb2 17. Ne7+ Kh8 18. Nxc8 Rxc2 19. Nd6 Kg8 20. g3 Bxe5 21. f4
Bxf4 22. Na3 Be3+ 23. Kh1 Qh5 24. Nxc2 Qf3# 0-1

[Event "AUTO-INT-983"]
[Site "http://www.queenalice.com/game.php?id=440242"]
[Date "2008.7.28"]
[Round "1"]
[White "ferreirabsd"]
[Black "Romerflu"]
[Result "0-1"]
[WhiteElo "1636"]
[BlackElo "1546"]

1. f4 e6 2. Nf3 f6 3. d4 d5 4. Nc3 Bb4 5. Bd2 Bxc3 6. Bxc3 Ne7 7. e3 Nf5 8. Qd3
Nc6 9. O-O-O O-O 10. g4 Nh6 11. Be2 Nxg4 12. Rdf1 f5 13. h3 Nf6 14. Ne5 Ne4 15.
Rhg1 Qh4 16. Bf3 Nf2 17. Qe2 Ne4 18. Bxe4 dxe4 19. Rg3 Qxg3 20. Rh1 Nxe5 21.
dxe5 b6 22. Be1 Qf3 23. Qxf3 exf3 24. Rf1 Bb7 25. c4 Rfd8 26. Kc2 Be4+ 27. Kb3
Rd1 28. a3 f2 0-1

[Event "AUTO-INT-983"]
[Site "http://www.queenalice.com/game.php?id=440253"]
[Date "2008.7.28"]
[Round "1"]
[White "elisangela"]
[Black "ferreirabsd"]
[Result "1-0"]
[WhiteElo "1755"]
[BlackElo "1481"]

1. e3 Nc6 2. a3 e5 3. Bb5 Nf6 4. Bxc6 dxc6 5. d3 Bc5 6. b4 Bb6 7. c4 a6 8. Bb2
e4 9. c5 Ba7 10. dxe4 Qxd1+ 11. Kxd1 O-O 12. Bxf6 gxf6 13. Ne2 b6 14. cxb6 cxb6
15. Nbc3 Rd8+ 16. Kc2 Be6 17. g3 Rd7 18. Rad1 Rad8 19. Rxd7 Rxd7 20. Rd1 Re7 21.
f3 b5 22. Nf4 Bxe3 23. Rd8+ Kg7 24. Nxe6+ 1-0

[Event "AUTO-INT-983"]
[Site "http://www.queenalice.com/game.php?id=440254"]
[Date "2008.7.28"]
[Round "1"]
[White "ferreirabsd"]
[Black "elisangela"]
[Result "0-1"]
[WhiteElo "1657"]
[BlackElo "1548"]

1. d4 e6 2. Nc3 h6 3. Nf3 g5 4. e4 a6 5. d5 Bb4 6. Bd2 exd5 7. Nxd5 Bxd2+ 8.
Qxd2 Nf6 9. Qe3 Nc6 10. Bc4 b5 11. Nxf6+ Qxf6 12. e5 Qf5 0-1

[Event "AUTO-OPEN-1126"]
[Site "http://www.queenalice.com/game.php?id=457717"]
[Date "2008.9.3"]
[Round "2"]
[White "ferreirabsd"]
[Black "trallala"]
[Result "0-1"]
[WhiteElo "1654"]
[BlackElo "1776"]

1. d4 f5 2. Nf3 Nf6 3. c4 g6 4. Nc3 Bg7 5. Bg5 h6 6. Bxf6 Bxf6 7. e3 d6 8. d5 e5
9. Be2 c6 10. O-O Na6 11. Qd2 Nc5 12. Rfd1 Ne4 13. Nxe4 fxe4 14. Ne1 c5 15. b4
b6 16. Rab1 h5 0-1

[Event "AUTO-OPEN-1126"]
[Site "http://www.queenalice.com/game.php?id=457718"]
[Date "2008.9.3"]
[Round "2"]
[White "trallala"]
[Black "ferreirabsd"]
[Result "1-0"]
[WhiteElo "1764"]
[BlackElo "1666"]

1. f4 Nf6 2. Nf3 e6 3. c4 Nc6 4. Nc3 Bb4 5. a3 Bxc3 6. bxc3 O-O 7. d4 Ne4 8. Qc2
d5 9. e3 Na5 10. cxd5 exd5 11. c4 c6 12. Be2 Bg4 13. O-O Re8 14. Rb1 Rb8 15. a4
Bxf3 16. gxf3 1-0

[Event "AUTO-OPEN-1126"]
[Site "http://www.queenalice.com/game.php?id=457719"]
[Date "2008.9.3"]
[Round "2"]
[White "ferreirabsd"]
[Black "FOS2006"]
[Result "0-1"]
[WhiteElo "1620"]
[BlackElo "1801"]

1. d4 d5 2. c4 e6 3. Nf3 c5 4. cxd5 Qxd5 5. e3 c4 6. Qa4+ Bd7 7. Qxc4 Qxc4 8.
Bxc4 Bb4+ 9. Nc3 Nf6 10. O-O Bxc3 11. bxc3 O-O 12. Ne5 Bc8 13. a4 a5 14. Ba3 Rd8
15. Rab1 Ne4 16. Be7 Re8 17. Bc5 Nd2 0-1

[Event "AUTO-OPEN-1126"]
[Site "http://www.queenalice.com/game.php?id=457720"]
[Date "2008.9.3"]
[Round "2"]
[White "FOS2006"]
[Black "ferreirabsd"]
[Result "1-0"]
[WhiteElo "1791"]
[BlackElo "1630"]

1. e4 e5 2. Nf3 Nc6 3. Bb5 d6 4. Bxc6+ bxc6 5. d4 Bg4 6. dxe5 dxe5 7. Qe2 Nf6 8.
Bg5 Be7 9. O-O O-O 10. Qe3 Bxf3 11. Bxf6 Bxf6 12. Qxf3 Qe7 13. Nc3 Rfd8 14. a3
Rd4 15. Ne2 Rd2 16. Rac1 Rad8 17. Qe3 h6 18. Rfd1 Rxd1+ 19. Rxd1 1-0

[Event "AUTO-OPEN-1126"]
[Site "http://www.queenalice.com/game.php?id=457721"]
[Date "2008.9.3"]
[Round "2"]
[White "ferreirabsd"]
[Black "josealexandreschultz"]
[Result "0-1"]
[WhiteElo "1689"]
[BlackElo "1478"]

1. c4 e5 2. Nc3 Nc6 3. Nf3 g6 4. e4 Bg7 5. Bd3 Nh6 6. O-O O-O 7. Bc2 d6 8. d4
exd4 9. Bxh6 dxc3 10. Bxg7 Kxg7 0-1

[Event "AUTO-ADV-1033"]
[Site "http://www.queenalice.com/game.php?id=461334"]
[Date "2008.9.10"]
[Round "1"]
[White "reibas"]
[Black "ferreirabsd"]
[Result "1-0"]
[WhiteElo "1698"]
[BlackElo "1531"]

1. e4 e5 2. Nf3 Nc6 3. Bb5 Nf6 4. Nc3 Bb4 5. d3 d6 6. Bg5 O-O 7. a3 Ba5 8. b4
Bb6 9. Bxc6 bxc6 10. Qd2 h6 11. Bh4 1-0

[Event "AUTO-ADV-1033"]
[Site "http://www.queenalice.com/game.php?id=461335"]
[Date "2008.9.10"]
[Round "1"]
[White "ferreirabsd"]
[Black "reibas"]
[Result "0-1"]
[WhiteElo "1541"]
[BlackElo "1688"]

1. c4 Nf6 2. Nc3 e5 3. e4 Bb4 4. Nf3 Nc6 5. d3 O-O 6. Bg5 d6 7. Be2 Nd4 8. O-O
Bxc3 9. bxc3 Nxf3+ 10. Bxf3 Bd7 0-1